Cyclisme: Top 100 du Classement UCI de l'année 2025 - Statistiques

Statistiques générales
  • Ce quiz a été pris 744 fois
  • Le résultat moyen est 45 sur 100
Statistiques - réponses
Rang Équipe Coureur % Correct
1er UAE Team Emirates - XRG Tadej Pogacar
100%
2ème Team Visma | Lease a Bike Jonas Vingegaard
99%
8ème Alpecin - Deceuninck Mathieu van der Poel
97%
4ème Lidl - Trek Mads Pedersen
95%
6ème Soudal Quick-Step Remco Evenepoel
95%
3ème UAE Team Emirates - XRG Isaac Del Toro
90%
10ème Team Visma | Lease a Bike Wout van Aert
90%
7ème Q36.5 Pro Cycling Team Thomas Pidcock
89%
5ème UAE Team Emirates - XRG João Almeida
88%
16ème Arkéa - B&B Hotels Kevin Vauquelin
87%
53ème UAE Team Emirates - XRG Adam Yates
86%
28ème Team Visma | Lease a Bike Simon Yates
86%
17ème Alpecin - Deceuninck Jasper Philipsen
85%
32ème Red Bull - BORA - hansgrohe Primoz Roglic
85%
11ème Lotto Arnaud De Lie
81%
49ème Tudor Pro Cycling Team Julian Alaphilippe
81%
9ème Team Picnic PostNL Oscar Onley
80%
12ème EF Education - EasyPost Ben Healy
79%
14ème UAE Team Emirates - XRG Juan Ayuso
77%
31ème Bahrain - Victorious Lenny Martinez
73%
15ème Red Bull - BORA - hansgrohe Florian Lipowitz
72%
25ème Lidl - Trek Jonathan Milan
72%
37ème Intermarché - Wanty Biniam Girmay
71%
33ème EF Education - EasyPost Richard Carapaz
71%
30ème Soudal Quick-Step Tim Merlier
70%
13ème Lidl - Trek Giulio Ciccone
66%
22ème Decathlon AG2R La Mondiale Team Felix Gall
64%
67ème Decathlon AG2R La Mondiale Team Paul Seixas
64%
29ème Team Visma | Lease a Bike Matteo Jorgenson
62%
19ème Soudal Quick-Step Paul Magnier
62%
34ème Groupama - FDJ Romain Grégoire
60%
21ème Lidl - Trek Mattias Skjelmose Jensen
58%
88ème Team Jayco AlUla Ben O'Connor
57%
24ème INEOS Grenadiers Filippo Ganna
57%
36ème INEOS Grenadiers Egan Bernal
52%
77ème Movistar Team Enric Mas
51%
27ème Tudor Pro Cycling Team Michael Storer
51%
100ème Team TotalEnergies Jordan Jegat
50%
58ème UAE Team Emirates - XRG Tim Wellens
50%
56ème Tudor Pro Cycling Team Marc Hirschi
48%
96ème Team Visma | Lease a Bike Sepp Kuss
48%
18ème XDS Astana Team Christian Scaroni
47%
50ème Uno-X Mobility Tobias Halland Johannessen
47%
44ème UAE Team Emirates - XRG Jhonatan Narvaez
46%
41ème INEOS Grenadiers Thymen Arensman
46%
23ème UAE Team Emirates - XRG Brandon McNulty
45%
64ème UAE Team Emirates - XRG Pavel Sivakov
45%
38ème Israel - Premier Tech Derek Gee
43%
39ème EF Education - EasyPost Neilson Powless
42%
83ème Uno-X Mobility Jonas Abrahamsen
41%
26ème Team Visma | Lease a Bike Olav Kooij
40%
42ème Red Bull - BORA - hansgrohe Jai Hindley
39%
43ème Team Visma | Lease a Bike Matthew Brennan
36%
35ème Team Jayco AlUla Michael Matthews
35%
20ème UAE Team Emirates - XRG Jay Vine
33%
93ème Tudor Pro Cycling Team Matteo Trentin
33%
76ème Decathlon AG2R La Mondiale Team Dorian Godon
31%
51ème Alpecin - Deceuninck Kaden Groves
31%
60ème Unibet Tietema Rockets Lukas Kubis
31%
40ème Team TotalEnergies Emilien Jeannière
30%
45ème Red Bull - BORA - hansgrohe Giulio Pellizzari
30%
59ème Red Bull - BORA - hansgrohe Jordi Meeus
30%
75ème Bahrain - Victorious Santiago Buitrago
30%
54ème Team Visma | Lease a Bike Tiesj Benoot
30%
85ème XDS Astana Team Clément Champoussin
28%
52ème UAE Team Emirates - XRG Jan Christen
27%
87ème Soudal Quick-Step Ilan Van Wilder
26%
48ème XDS Astana Team Lorenzo Fortunato
25%
70ème Decathlon AG2R La Mondiale Team Nicolas Prodhomme
24%
63ème Cofidis Alex Aranburu
23%
78ème Israel - Premier Tech Matthew Riccitello
23%
74ème Bahrain - Victorious Pello Bilbao
23%
97ème Intermarché - Wanty Louis Barré
22%
55ème Lidl - Trek Quinn Simmons
22%
84ème UAE Team Emirates - XRG Antonio Morgado
21%
79ème UAE Team Emirates - XRG Florian Vermeersch
20%
69ème Bahrain - Victorious Antonio Tiberi
19%
62ème Uno-X Mobility Soren Waerenskjold
18%
57ème Team Picnic PostNL Tobias Lund Andresen
18%
68ème Team Picnic PostNL Pavel Bittner
17%
99ème Lidl - Trek Thibau Nys
17%
95ème Bahrain - Victorious Damiano Caruso
16%
73ème Movistar Team Javier Romo
16%
61ème Team Jayco AlUla Mauro Schmid
16%
66ème Cofidis Milan Fretin
16%
94ème XDS Astana Team Harold Martin Lopez
15%
81ème Team Jayco AlUla Luke Plapp
15%
72ème Lidl - Trek Toms Skujins
15%
46ème XDS Astana Team Simone Velasco
14%
82ème Team Visma | Lease a Bike Ben Tulett
13%
47ème Israel - Premier Tech Corbin Strong
12%
86ème XDS Astana Team Diego Ulissi
12%
91ème INEOS Grenadiers Magnus Sheffield
12%
65ème Movistar Team Orluis Aular
10%
71ème Bahrain - Victorious Fred Wright
9%
98ème XDS Astana Team Mike Teunissen
9%
92ème INEOS Grenadiers Samuel Watson
9%
80ème XDS Astana Team Max Kanter
8%
90ème Caja Rural - Seguros RGA Thomas Guillermo Silva
8%
89ème Lidl - Trek Andrea Bagioli
5%
Aucun quiz correspondant
Distribution des résultats
% des personnes avec chaque résultat
Percentile par nombre de réponses
Votre historique - résultats
Vous n’avez pas pris ce quiz